000 00333nam a2200145Ia 4500
008 230718s9999 xx 000 0 und d
041 _aEng.
082 _a363.23
_bBRA-C
100 _aBraithwaite, Helen
245 0 _aConflict Management
260 _aPakistan
_bMigrow Will
_c1998
300 _a108
650 _aLaw
999 _c27732
_d27732